Origamis en images #1 - Statistiques

Statistiques générales
  • Ce quiz a été pris 95 fois
  • Le résultat moyen est 14 sur 16
Statistiques - réponses
Par images Réponse % Correct
Avion
100%
Bateau
100%
Chien
100%
Dragon
100%
Guitarre/Basse
100%
Crabe
99%
Épée
99%
Glace
99%
Renard
98%
Fleur de lotus
95%
Paon
95%
Flocon
83%
Cocotte
82%
Pégase
80%
Shuriken
70%
Phoenix
47%
Aucun quiz correspondant
Distribution des résultats
% des personnes avec chaque résultat
Percentile par nombre de réponses
Votre historique - résultats
Vous n’avez pas pris ce quiz